000 00678nam a2200241Ia 4500
003 OSt
005 20220928105054.0
006 a|||||r|||| 00| 0
007 ta
008 220927b |||||||| |||| 00| 0 eng d
024 _a78835
037 _cAnnuals, Advances
040 _aSDCL
_cSDCL
_beng
041 _2eng
_aeng
082 _aY72:1.2'N8, M4
100 _aChib Sukhdev Singh
_9413598
245 0 _aNorth-Eastern India
260 _aNew Delhi
_bEss Ess Publications
_c1984
300 _a328p
_ccm.
490 _aCaste tribes and culture of India.8.
942 _hY72:1.2'N8, M4
_cREF
_2CC
999 _c729386
_d729386